000 01486nam a2200445 a 4500
003 AR-BaBNM
005 20251128204525.0
008 082120s2002 ||||||||||||||000 | spa||
040 _cAR-BaBNM
245 0 0 _aPsicología y pedagogía del maestro
260 _aBuenos Aires
_bPaidós
_c1965-1967
300 _a722 p.
_bgráfs., cuadros
490 0 _aNueva enciclopedia pedagógica del educador. La educación y sus fundamentos
_vv. 4
500 _aContiene: Maestro, alumno y tarea: psicología social aplicada a la educación - La personalidad del maestro - El maestro y la conducta del niño - La autoevaluación del maestro - Medición y evaluación del aprendizaje y del maestro
504 _aContiene bibliografía
650 4 _aPSICOLOGIA DE LA EDUCACION
650 4 _aPSICOLOGIA SOCIAL
650 4 _aROL DEL DOCENTE
650 4 _aAPRENDIZAJE
650 4 _aCURRICULO
650 4 _aSOCIOMETRIA
650 4 _aPRUEBAS ESCOLARES
650 4 _aORIENTACION PROFESIONAL
650 4 _aPERSONALIDAD
650 4 _aDOCENTES
650 4 _aCONDUCTA INFANTIL
650 4 _aAUTOEVALUACION
650 4 _aMETAS EDUCACIONALES
650 4 _aRECURSOS EDUCACIONALES
650 4 _aEVALUACION DEL DOCENTE
650 4 _aEVALUACION DEL ALUMNO
653 _aORIENTACION EDUCATIVA
700 1 _aOeser, O.A.
700 1 _aJersild, Arthur T.
700 1 _aAnderson, L.
700 1 _aSimpson, Ray H.
700 1 _aWagenen, M.J. van
942 _cBK
998 _cGrace
999 _c7773
_d7773